000 00454nam a22001817a 4500
003 CEME
005 20210628205811.0
008 210317b xxu||||| |||| 00| 0 eng d
020 _a969-496-070-3
040 _c.
082 _a891.4393 TAR
100 _aSagar, Tariq Ismail Tariq Ismail Sagar
_976307
245 _aCut out
260 _aISLAMABAD
_bDOST PUBLICATIONS
_c1998
300 _a254P
650 _aURDU ADAB-NOVEL
_920918
942 _cBK
_2ddc
999 _c582392
_d582392